000 00847nam a2200265Ia 4500
003 GCL
008 140319s9999 xx 000 0 ara d
040 _aGCL /
_cGCL
082 0 4 _a333.82
_bم د
100 1 _aمحمد محروس اسماعيل
245 1 0 _aدراسات فى الموارد الاقتصادية /
_cمحمد محروس اسماعيل
260 _a[S.N] :
_bمؤسسة شباب الجامعة ،
_c1988
300 _a260 ص
490 _a
650 0 4 _aمصر
650 0 4 _aالاقتصاد
650 0 4 _aالاحوال الاقتصادية
650 0 4 _aالبترول
650 0 4 _aالاجتماع
650 0 4 _aالجوانب الاقتصادية
650 0 4 _aالانتاج المعدنى
650 0 4 _aالموارد الاقتصادية
650 0 4 _aالموارد الطبيعية
942 _2ddc
_cBK
999 _c27804
_d27804